I segreti di Brokeback Mountain
שמור ב:
| מחבר ראשי: | |
|---|---|
| פורמט: | ספר |
| שפה: | אנגלית |
| תגים: |
אין תגיות, היה/י הראשונ/ה לתייג את הרשומה!
|
MARC
| LEADER | 00000nam a2200000 4500 | ||
|---|---|---|---|
| 001 | CDOM0000005806 | ||
| 003 | mi | ||
| 005 | 20250909131037.0 | ||
| 008 | 250909b |||||||| |||| 00| 0 eng d | ||
| 040 | |c mi | ||
| 100 | |a Proulx, Annie | ||
| 245 | 1 | |a I segreti di Brokeback Mountain | |
| 942 | |2 ddc |c BK | ||
| 952 | |0 0 |1 0 |2 ddc |4 0 |6 LN_202PROANSEG12 |7 0 |9 8005 |a MI |b MI |d 2017-07-30 |i 6703 |l 0 |o LN202-PROAN-SEG12 |p CDOM6703 |r 2025-07-13 16:28:00 |w 2025-07-13 |x DONO |y BK | ||
| 952 | |0 0 |1 0 |2 ddc |4 0 |7 0 |9 8006 |a MI |b MI |d 2017-07-30 |l 0 |r 2025-07-13 16:28:00 |w 2025-07-13 |y BK | ||
| 999 | |c 6667 |d 6667 | ||